| 000 | 00417pab a2200157 454500 | ||
|---|---|---|---|
| 008 | 180718b2015 xxu||||| |||| 00| 0 eng d | ||
| 100 | _aThomas, Robert | ||
| 245 | _aAdministrative justice, better decision, and organisational learning | ||
| 260 | _c2015 | ||
| 300 | _ap.111-131. | ||
| 362 | _aJan | ||
| 650 | _aDecision making | ||
| 650 | _aAdministration of justice | ||
| 773 | _aPublic Law | ||
| 909 | _a107642 | ||
| 999 |
_c107637 _d107637 |
||